000 00488cam a22001337a 4500
008 180718b1999 xxu||||| |||| 00| 0 eng d
082 _aB19x5411 Ag38
245 _aDynamics of identity and intergroup relations in North-East India
_cedited by Kailash S. Aggarwal
260 _aShimla
_bIndian Institute of Advanced Study
_c1999
300 _a265p.
650 _aCommunity development - India, North-East.
650 _aIndia, North-East - Ethinic identity
700 _aAggarwal, Kailash S.
999 _c391921
_d391921